000 00487nam a2200181Ia 4500
005 20250508163205.0
008 008 250505s9999 xx 000 0 eng d
037 _aTextual
040 _aFEDL
_beng
_cFEDL
041 _aeng
_2eng
084 _aFH, CHA
_qFEDL
100 _aChatopadhya Sharat Chand
_9774872
245 0 _aLen den: Denapawan
260 _aDelhi, India
_bSanmarg Prakashan
_c1976
300 _a236p.
942 _cTEXL
_hFH, CHA
999 _c1381409
_d1381409